| 000 | 00941cab a22002295a 4500 | ||
|---|---|---|---|
| 001 | L158967 | ||
| 008 | 151106e2015 xxk 000 0 eng d | ||
| 035 | _a(Sirsi) u158967 | ||
| 041 | 0 | _aeng | |
| 100 | 1 | _aDwomoh, Elizabeth | |
| 245 | 0 | 0 | _aWhat do home businesses mean for landlords |
| 260 | _c2015 | ||
| 490 |
_aSolicitors Journals Property Focus _vOctober 2015, 15(1) |
||
| 520 | _aAnalyses the effect of the Small Business Enterprise and Employment Act 2015 on business tenancy renewal protection. Considers potential conflicts of the 2015 Act and the Landlord and Tenant Act 1954 Part 2 for landlord when tenants are operating business from their places of residence. | ||
| 590 | _aKA | ||
| 650 | 2 | 4 | _aSMALL BUSINESS, ENTERPRISE AND EMPLOYMENT ACT 2015 |
| 650 | 2 | 4 | _aLANDLORD AND TENANT ACT 1954 PART 11 |
| 651 | 4 |
_aEngland and Wales _y1543- |
|
| 690 |
_aLandlord and tenant _96252 |
||
| 700 | 1 | _aHayes, Richard | |
| 942 | _n0 | ||
| 999 |
_c84749 _d84749 |
||